| 000 | 01118nam a2200301 c 4500 | ||
|---|---|---|---|
| 003 | BLK | ||
| 005 | 20240418113857.0 | ||
| 008 | 180408b bul|||||r ||||||| ||bul|| | ||
| 010 | _aKNG00047146000 | ||
| 020 |
_a954-8560-15-1 _bиздат.: Парнас |
||
| 040 | _aBLK | ||
| 041 |
_aBUL _cBUL |
||
| 080 |
_aБългарска литература _b821.163.2 _x-34 _z821.163.2-34 |
||
| 100 |
_aАбаджиев, Пламен Георгиев _d1955 - _gПублицист, новелист _9250128 |
||
| 139 |
_aАбаджиев, Пламен Георгиев _bА 12 |
||
| 245 | 1 | 0 |
_aНямало едно време тъга _bПриказка _cПламен Георгиев Абаджиев. |
| 257 | _aBGR | ||
| 260 |
_аРусе _bПарнас _c1996 |
||
| 300 |
_a16 с. _bс ил. _c16 см |
||
| 380 | _aDX | ||
| 490 | 1 | _aПриказките на стария Пънчо | |
| 852 | _aЦб І 28578 | ||
| 856 | 4 |
_qpdf _u |
|
| 856 | 4 |
_qpdf _u |
|
| 942 |
_cKNG _n0 _01 |
||
| 944 |
_aCR _c01.01.1999 _k30560 _lГеновева Генчева |
||
| 944 |
_aED _c21.07.2017 _kПенка_Димитрова |
||
| 999 |
_c43412 _d43412 |
||